000 00237 a2200097 4500
001 48341
100 _aDickinson, T.A
245 _aAmerican aircraft construction handbook
260 _aSydney
_bGeorge G harrap
_c
090 _c31285
_d31285
942 _aNUST-CAE
_cM
_c23653
999 _c283414
_d283414